00580nam a2200217Ia 4500008004100000020001500041050000800056050001400064100002300078245001800101245003100119245002500150250002200175260002300197260000900220300002100229300001100250500002700261650004000288650003400328160319s9999 xx 000 0 und d a9710863932 a920 bZ21j 2006 aZaide, Gregorio F. aJose Rizal :  blife, works and writings / c by Gregorio F.Zaide aRev. Millenium ed bNational Bookstore c2006 axxxii, 318 p. ;  c22 cm. aJose Rizal collection. a Heroes -- Philippines -- Biography a Rizal, Jose A., -- 1861-1896